[Event "Barbera del Valles"]
[Site "XXIX Open"]
[Date "2006.07.09"]
[Round "5"]
[White "Sanchez Jerez, Emilio"]
[Black "Esquivel, Luis"]
[Result "1-0"]
[WhiteElo "2062"]
[BlackElo "2179"]
[PlyCount "85"]
[EventDate "2006.07.05"]
[SourceDate "2006.07.06"]

1. e4 e6 2. d3 d5 3. Nd2 c5 4. Ngf3 Nc6 5. g3 Bd6 6. Bg2 Nge7 7. O-O O-O 8. b3
f5 9. Bb2 Rb8 10. a4 a6 11. Qe2 d4 12. exf5 exf5 13. Ng5 Rf6 14. c3 h6 15. Ngf3
Re6 16. Qd1 Bc7 17. cxd4 Nxd4 18. Nxd4 cxd4 19. b4 Rg6 20. Nf3 f4 21. Nxd4 fxg3
22. hxg3 Bb6 23. Qb3+ Kh8 24. Rae1 Bxd4 25. Bxd4 Qxd4 26. Rxe7 Rxg3 27. Re4
Qxe4 28. fxg3 Qe3+ 29. Kh2 Be6 30. Qd1 Qg5 31. Be4 Bg4 32. Qc1 Qh5+ 33. Kg1 Qe8
34. Qc7 Be6 35. Bxb7 Bg8 36. Kg2 Rd8 37. Be4 Rc8 38. Qa5 Rc2+ 39. Rf2 Rc1 40.
Qf5 Qxa4 41. Qg6 Qa1 42. Rf8 Rg1+ 43. Kh2 1-0

[Event "Barbera del Valles"]
[Site "XXIX Open"]
[Date "2006.07.09"]
[Round "5"]
[White "Macaya Ruiz, Alfons"]
[Black "Berrocal Farina, Jorge"]
[Result "1/2-1/2"]
[WhiteElo "2051"]
[BlackElo "2317"]
[PlyCount "61"]
[EventDate "2006.07.05"]
[SourceDate "2006.07.06"]

1. d4 Nf6 2. c4 c5 3. Nf3 g6 4. g3 Bg7 5. Bg2 O-O 6. O-O d6 7. Nc3 Nc6 8. h3
cxd4 9. Nxd4 Nxd4 10. Qxd4 Qa5 11. Nb5 Be6 12. Bd2 Qd8 13. Qh4 a6 14. Nc3 Qc8
15. b3 Rb8 16. Rac1 Qd7 17. Bh6 Bxh6 18. Qxh6 b5 19. Nd5 bxc4 20. Nxf6+ exf6
21. bxc4 Rfc8 22. Rfd1 Rxc4 23. Rxc4 Bxc4 24. Qf4 Qe6 25. Rxd6 Qxe2 26. Qxf6
Qxa2 27. h4 h5 28. Be4 Re8 29. Bxg6 Bd5 30. Bxf7+ Bxf7 31. Qg5+ 1/2-1/2

[Event "Barbera del Valles"]
[Site "XXIX Open"]
[Date "2006.07.09"]
[Round "5"]
[White "Lux, Gregory"]
[Black "Ruiz Manchon, Francesc Xavier"]
[Result "1/2-1/2"]
[WhiteElo "2082"]
[BlackElo "2152"]
[PlyCount "64"]
[EventDate "2006.07.05"]
[SourceDate "2006.07.06"]

1. e4 c5 2. Nc3 e6 3. d3 d5 4. g3 dxe4 5. Nxe4 Be7 6. Bg2 Nf6 7. Qe2 Nxe4 8.
dxe4 Nc6 9. c3 Ne5 10. Bf1 c4 11. Qd1 Qxd1+ 12. Kxd1 O-O 13. Be3 b6 14. Bd4 Rd8
15. Ke1 Nd3+ 16. Bxd3 cxd3 17. Rd1 Bc5 18. Bxc5 bxc5 19. f3 Rb8 20. Rd2 c4 21.
Ne2 e5 22. Nc1 Be6 23. Kf2 Kf8 24. Ke3 Ke7 25. Rhd1 Rb6 26. f4 exf4+ 27. gxf4
f5 28. e5 Rdb8 29. b3 cxb3 30. axb3 Bxb3 31. Nxb3 Rxb3 32. Rxd3 R8b7 1/2-1/2

[Event "Barbera del Valles"]
[Site "XXIX Open"]
[Date "2006.07.09"]
[Round "5"]
[White "Chalmeta Ugas, Jordi"]
[Black "Barbero Sendic, Alejandro"]
[Result "1-0"]
[WhiteElo "2093"]
[BlackElo "2019"]
[PlyCount "55"]
[EventDate "2006.07.05"]
[SourceDate "2006.07.06"]

1. d4 Nf6 2. c4 g6 3. Nc3 Bg7 4. e4 d6 5. f3 O-O 6. Be3 Nc6 7. Qd2 a6 8. O-O-O
Rb8 9. Bh6 Bxh6 10. Qxh6 e5 11. d5 Nd4 12. Nge2 Nxe2+ 13. Nxe2 b5 14. h4 bxc4
15. h5 Bd7 16. g4 Qe7 17. Ng3 c3 18. b3 a5 19. Bc4 a4 20. Rdg1 axb3 21. Bxb3 c6
22. Nf5 Bxf5 23. gxf5 Rxb3 24. axb3 Qa7 25. hxg6 Qa1+ 26. Kc2 Qb2+ 27. Kd3 fxg6
28. Rxg6+ 1-0

[Event "Barbera del Valles"]
[Site "XXIX Open"]
[Date "2006.07.09"]
[Round "5"]
[White "Fernandez Gonzalez, Julio Honor"]
[Black "Frances Cuscullola, Oriol"]
[Result "0-1"]
[WhiteElo "2079"]
[BlackElo "2009"]
[PlyCount "60"]
[EventDate "2006.07.05"]
[SourceDate "2006.07.06"]

1. d4 Nf6 2. c4 g6 3. g3 d5 4. Bg2 c6 5. cxd5 cxd5 6. Nc3 Nc6 7. Nf3 Bg7 8. O-O
O-O 9. Ne5 Bf5 10. Nxc6 bxc6 11. Qa4 Qb6 12. e3 Rfd8 13. b4 a5 14. b5 cxb5 15.
Qb3 a4 16. Qb4 e6 17. Bf3 Bf8 18. Qb2 b4 19. Bd1 a3 20. Qb3 Qc6 21. Na4 Rxa4
22. Qxa4 Qc3 23. Qa5 Rb8 24. e4 Bh3 25. Bg5 Qxa1 26. Be2 Bxf1 27. Bxf1 Qxd4 28.
Qc7 b3 29. Qxb8 bxa2 30. Bh6 Nd7 0-1

[Event "Barbera del Valles"]
[Site "XXIX Open"]
[Date "2006.07.09"]
[Round "5"]
[White "Hernandez Casillas, Joan"]
[Black "Rafols Albet, Josep"]
[Result "1/2-1/2"]
[WhiteElo "2184"]
[BlackElo "2072"]
[PlyCount "146"]
[EventDate "2006.07.05"]
[SourceDate "2006.07.06"]

1. d4 d5 2. c4 c6 3. Nc3 Nf6 4. Bg5 e6 5. cxd5 exd5 6. e3 Be7 7. Bd3 Bg4 8. Qc2
Bh5 9. Nge2 Bg6 10. O-O Na6 11. a3 Nc7 12. f3 Ne6 13. Bh4 Rc8 14. b4 O-O 15.
Kh1 Re8 16. Bf2 Ng5 17. Ng3 Bd6 18. Nf5 Bb8 19. Rae1 Nh5 20. Bg1 Ne6 21. g4
Bxf5 22. Bxf5 Nf6 23. Qg2 Nd7 24. f4 a5 25. Bf2 axb4 26. axb4 Bd6 27. Rb1 Ra8
28. b5 Ra3 29. bxc6 bxc6 30. Rfc1 Nb6 31. Bg1 Nf8 32. Bd3 Re7 33. g5 Rea7 34.
f5 Na4 35. Nxa4 R7xa4 36. Bf1 Ra2 37. Qg4 Qd7 38. Bg2 Rd2 39. Rd1 Rc2 40. Rdc1
Raa2 41. Rxc2 Rxc2 42. e4 dxe4 43. Qxe4 Rc4 44. Rb6 Be7 45. h4 Bd8 46. Rxc6
Rxc6 47. Qxc6 Qxf5 48. Qf3 Qb1 49. Qe4 Qc1 50. Qe3 Qd1 51. Bf3 Qf1 52. Bg2 Qd1
53. Bd5 Qg4 54. Bf2 Ne6 55. Bf3 Qh3+ 56. Kg1 Bb6 57. Qe4 Bc7 58. Bg2 Qc3 59. d5
Nf8 60. Bf3 Qc1+ 61. Kg2 h6 62. Qe3 Qxe3 63. Bxe3 hxg5 64. Bxg5 f6 65. Be3 Ng6
66. Kh3 Bd6 67. Be4 Kf7 68. Bf5 Nf4+ $11 69. Bxf4 Bxf4 70. h5 Ke7 71. Kg4 Be5
72. Be6 Bc3 73. Kf5 Bd2 1/2-1/2

[Event "Barbera del Valles"]
[Site "XXIX Open"]
[Date "2006.07.09"]
[Round "5"]
[White "Chalmeta Ugas, Ramon"]
[Black "Vila Seuba, Joan Carles"]
[Result "1/2-1/2"]
[WhiteElo "2167"]
[BlackElo "1982"]
[PlyCount "103"]
[EventDate "2006.07.05"]
[SourceDate "2006.07.06"]

1. e4 g6 2. d4 Bg7 3. c4 d6 4. Nc3 Nc6 5. Be3 e5 6. d5 Nce7 7. g4 f5 8. gxf5
gxf5 9. Qh5+ Ng6 10. exf5 Qh4 11. Qf3 N6e7 12. Nb5 Kd8 13. Bd3 Nf6 14. Nc3 Ng4
15. O-O-O Rf8 16. Qg3 Nxf5 17. Qxh4+ Nxh4 18. Bxh7 Nxe3 19. fxe3 Bh6 20. Nge2
Bxe3+ 21. Kc2 Bg4 22. Rhf1 Ke7 23. Be4 Bh3 24. Rxf8 Rxf8 25. Kd3 Bh6 26. Rg1
Nf3 27. Rd1 Nxh2 28. Rh1 Ng4 29. Nd1 Rf1 30. Rxh3 Rxd1+ 31. Kc3 Nf2 32. Rxh6
Nxe4+ 33. Kb3 Rd3+ 34. Nc3 Nxc3 35. bxc3 Rf3 36. Rh7+ Rf7 37. Rh8 b6 38. Kb4
Kf6 39. Kb5 e4 40. Ka6 e3 41. Kxa7 e2 42. Rh1 Re7 43. Re1 Kf5 44. Kb7 Kf4 45.
Rxe2 Rxe2 46. Kxc7 Rc2 47. Kxd6 Rxc3 48. Ke6 Rxc4 49. d6 Rc6 50. Ke7 Ke5 51. d7
Re6+ 52. Kf7 1/2-1/2

[Event "Barbera del Valles"]
[Site "XXIX Open"]
[Date "2006.07.09"]
[Round "5"]
[White "Pascual Sauch, Angel"]
[Black "Del Valle Cirera, Adria"]
[Result "1/2-1/2"]
[WhiteElo "2167"]
[BlackElo "1964"]
[PlyCount "142"]
[EventDate "2006.07.05"]
[SourceDate "2006.07.06"]

1. e4 e5 2. d4 exd4 3. f4 Nc6 4. Nf3 Bc5 5. Bd3 d6 6. O-O Bg4 7. Nbd2 Nge7 8.
h3 Bxf3 9. Nxf3 Qd7 10. a3 a5 11. Bd2 d5 12. Qe2 dxe4 13. Qxe4 f5 14. Qe1 O-O
15. Ng5 Bb6 16. Bc4+ Nd5 17. Qe6+ Qxe6 18. Nxe6 Nce7 19. Nxf8 Kxf8 20. Bd3 Ne3
21. Bxe3 dxe3 22. Kh2 Rd8 23. Rad1 g6 24. Kg3 Nc6 25. c3 Re8 26. Be2 a4 27. Rd7
Re7 28. Rfd1 Na5 29. Rxe7 Kxe7 30. Bb5 c6 31. Bd3 Nb3 32. Bc2 Nd2 33. Bxa4 Nc4
34. Rb1 h6 35. h4 Bc7 36. Bc2 g5 37. hxg5 hxg5 38. Bxf5 Bxf4+ 39. Kh3 Kf6 40.
Bg4 Nd2 41. Rg1 Ne4 42. g3 Nf2+ 43. Kg2 Nxg4 44. gxf4 gxf4 45. Kf3 Nf2 46. Rg8
Nd3 47. b4 Kf5 48. Rf8+ Ke5 49. Rd8 Nb2 50. Rd4 Na4 51. Re4+ Kd6 52. c4 Nc3 53.
Rxf4 e2 54. Kf2 Ke5 55. Rh4 b5 56. c5 Nb1 57. Kxe2 Nxa3 58. Kd3 Ke6 59. Rd4 Nc4
60. Rxc4 bxc4+ 61. Kxc4 Kd7 62. Kd3 Ke7 63. Ke3 Kf7 64. Kd4 Kf6 65. b5 cxb5 66.
c6 Ke7 67. Kc5 Kd8 68. Kb6 Kc8 69. Kxb5 Kc7 70. Kc5 Kc8 71. Kd6 Kd8 1/2-1/2

[Event "Barbera del Valles"]
[Site "XXIX Open"]
[Date "2006.07.09"]
[Round "5"]
[White "Montell Zabay, Albert"]
[Black "Campo Echevarria, Juan Francisco"]
[Result "1/2-1/2"]
[WhiteElo "2158"]
[BlackElo "2133"]
[PlyCount "37"]
[EventDate "2006.07.05"]
[SourceDate "2006.07.06"]

1. e4 c5 2. Nf3 e6 3. d4 cxd4 4. Nxd4 a6 5. Nc3 Qc7 6. f4 d6 7. Bd3 Nc6 8. Be3
Nf6 9. Qf3 Be7 10. O-O O-O 11. Nde2 Nb4 12. Rac1 Bd7 13. g4 Bc6 14. g5 Nd7 15.
Nd4 d5 16. exd5 Nxd5 17. Nxc6 Qxc6 18. Nxd5 exd5 19. Qh3 1/2-1/2

[Event "Barbera del Valles"]
[Site "XXIX Open"]
[Date "2006.07.10"]
[Round "6"]
[White "Lopez Martinez, Jose Manuel"]
[Black "Narciso Dublan, Marc"]
[Result "0-1"]
[WhiteElo "2480"]
[BlackElo "2467"]
[PlyCount "98"]
[EventDate "2006.07.05"]
[SourceDate "2006.07.06"]

1. e4 d6 2. d4 Nf6 3. Nc3 g6 4. Be3 c6 5. Qd2 Nbd7 6. Nf3 e5 7. h3 Qe7 8. O-O-O
Bg7 9. a3 O-O 10. dxe5 dxe5 11. Qd6 Qxd6 12. Rxd6 Re8 13. Bc4 Bf8 14. Rd2 b5
15. Ba2 h6 16. Rhd1 a5 17. Nh2 b4 18. Nb1 Nc5 19. f3 h5 20. Bc4 Be6 21. Bxe6
Nxe6 22. a4 c5 23. Rf2 c4 24. Nd2 Rec8 25. b3 cxb3 26. Nxb3 Ne8 27. Rd5 Nd6 28.
Rxa5 Nc4 29. Rxa8 Rxa8 30. Nf1 Rxa4 31. Re2 Ra8 32. Re1 Rc8 33. Re2 Bg7 34. Kb1
Na3+ 35. Kc1 Nd4 36. Bxd4 exd4 37. Kd1 Bh6 38. Rf2 Nb5 39. Nfd2 Be3 40. Rf1
Nc3+ 41. Kc1 d3 42. cxd3 Nxe4+ 43. Kd1 Nc3+ 44. Kc2 Nb5+ 45. Kb2 Rc3 46. Ne4
Rxd3 47. Re1 Bh6 48. Kc2 Rd8 49. Ra1 Na3+ 0-1

[Event "Barbera del Valles"]
[Site "XXIX Open"]
[Date "2006.07.10"]
[Round "6"]
[White "Rustemov, Alexander"]
[Black "Cuartas, Jaime Alexander"]
[Result "1/2-1/2"]
[WhiteElo "2565"]
[BlackElo "2466"]
[PlyCount "125"]
[EventDate "2006.07.05"]
[SourceDate "2006.07.06"]

1. d4 d5 2. c4 c6 3. Nc3 Nf6 4. e3 g6 5. Nf3 Bg7 6. Bd3 O-O 7. O-O a5 8. h3 Na6
9. cxd5 cxd5 10. Qb3 Nb4 11. Bb1 Nc6 12. Bd2 Re8 13. a3 e5 14. Ba2 exd4 15.
exd4 Ra6 16. Rae1 Be6 17. Bg5 Rb6 18. Qc2 Ne7 19. Ne5 Qc8 20. Re2 Ne4 21. Bxe7
Nxc3 22. bxc3 Rxe7 23. Rfe1 Bf8 24. Qd2 Rc7 25. Ng4 Qd8 26. Qf4 Bd6 27. Qf6
Qxf6 28. Nxf6+ Kh8 29. Bxd5 Be7 30. Ng4 Bxa3 31. Bxe6 fxe6 32. Re5 Bb2 33. Rxa5
Bxc3 34. Ra8+ Kg7 35. Rc1 Ra6 36. Re8 Ra1 37. Rxa1 Bxa1 38. Rxe6 Bxd4 39. Re8
b5 40. Rb8 h5 41. Ne3 Rc1+ 42. Nf1 Rb1 43. g4 hxg4 44. hxg4 b4 45. Rd8 Bc3 46.
Rc8 Be1 47. Ne3 b3 48. Rb8 Bd2+ 49. Kg2 Bxe3 50. fxe3 Kf6 51. Rb5 b2 52. e4 Ke6
53. e5 Kd7 54. Rb6 Kc7 55. Rb3 Kc6 56. e6 Kd6 57. Rb6+ Ke7 58. g5 Re1 59. Rxb2
Re5 60. Rb6 Rxg5+ 61. Kf3 Re5 62. Kf4 Rxe6 63. Rxe6+ 1/2-1/2

[Event "Barbera del Valles"]
[Site "XXIX Open"]
[Date "2006.07.10"]
[Round "6"]
[White "Gonzalez, Yuri"]
[Black "Vilela, Jose Luis"]
[Result "1-0"]
[WhiteElo "2491"]
[BlackElo "2355"]
[PlyCount "59"]
[EventDate "2006.07.05"]
[SourceDate "2006.07.06"]

1. d4 d5 2. c4 dxc4 3. Nf3 Nf6 4. e3 e6 5. Bxc4 c5 6. O-O a6 7. Bb3 b5 8. a4 b4
9. Nbd2 Bb7 10. e4 Be7 11. e5 Nfd7 12. Nc4 O-O 13. Bc2 cxd4 14. Qxd4 b3 15.
Bxb3 Bxf3 16. gxf3 Nc6 17. Qe3 Qb8 18. f4 Bc5 19. Qh3 Nd4 20. Bd1 f6 21. Be3
Nf5 22. Bc2 Bxe3 23. Bxf5 Bxf2+ 24. Rxf2 exf5 25. Qxf5 Qc7 26. Nd6 Nc5 27. Rc1
Qb6 28. a5 Qa7 29. Qc2 Ne6 30. Qc4 1-0

[Event "Barbera del Valles"]
[Site "XXIX Open"]
[Date "2006.07.10"]
[Round "6"]
[White "Gomez Jurado, Luis Alberto"]
[Black "Almeida, Omar"]
[Result "1/2-1/2"]
[WhiteElo "2333"]
[BlackElo "2355"]
[PlyCount "41"]
[EventDate "2006.07.05"]
[SourceDate "2006.07.06"]

1. d4 Nf6 2. c4 e6 3. Nc3 c5 4. d5 exd5 5. cxd5 Bd6 6. e4 Be5 7. Nge2 O-O 8. f4
Bxc3+ 9. Nxc3 Re8 10. e5 d6 11. Bb5 Bd7 12. O-O dxe5 13. fxe5 Bxb5 14. Rxf6
Rxe5 15. Rf2 Ba6 16. Bf4 Re8 17. d6 Bc4 18. Nd5 Bxd5 19. Qxd5 Qd7 20. Raf1 Nc6
21. Bg3 1/2-1/2

[Event "Barbera del Valles"]
[Site "XXIX Open"]
[Date "2006.07.10"]
[Round "6"]
[White "De la Paz, Frank"]
[Black "Sanchez Romero, Miguel Angel"]
[Result "1-0"]
[WhiteElo "2442"]
[BlackElo "2208"]
[PlyCount "67"]
[EventDate "2006.07.05"]
[SourceDate "2006.07.06"]

1. e4 e5 2. Nf3 Nf6 3. Nc3 Nc6 4. d4 exd4 5. Nd5 Nxd5 6. exd5 Bb4+ 7. Bd2 Qe7+
8. Qe2 Bxd2+ 9. Kxd2 Qxe2+ 10. Bxe2 Nb4 11. Bc4 O-O 12. a3 b5 13. axb4 bxc4 14.
Nxd4 Bb7 15. Ra5 a6 16. Kc3 Rae8 17. Kxc4 Re4 18. Kd3 Rfe8 19. c4 f5 20. Rc5 c6
21. d6 g6 22. f3 Re1 23. Rxe1 Rxe1 24. f4 Kf8 25. Re5 Rd1+ 26. Ke3 Rc1 27. b3
Re1+ 28. Kd2 Rxe5 29. fxe5 c5 30. bxc5 Bxg2 31. b4 f4 32. b5 a5 33. c6 Ke8 34.
b6 1-0

[Event "Barbera del Valles"]
[Site "XXIX Open"]
[Date "2006.07.10"]
[Round "6"]
[White "Cruz, Filemon"]
[Black "Torao Compte, Victor"]
[Result "1/2-1/2"]
[WhiteElo "2397"]
[BlackElo "2011"]
[PlyCount "120"]
[EventDate "2006.07.05"]
[SourceDate "2006.07.06"]

1. c4 e5 2. g3 f5 3. Bg2 Nf6 4. Nc3 Bb4 5. Qb3 a5 6. a3 Bc5 7. d3 O-O 8. e3 Kh8
9. Nge2 Nc6 10. O-O Qe8 11. Nd5 f4 12. gxf4 d6 13. fxe5 Nxd5 14. cxd5 Nxe5 15.
f4 Ng4 16. d4 Bb6 17. Ng3 Bd7 18. Bd2 a4 19. Qa2 Bb5 20. Rfe1 Qe7 21. h3 Qh4
22. Ne4 Nh6 23. Qb1 Rae8 24. Ng5 Nf5 25. Qd1 h6 26. Ne6 Rf6 27. Qg4 c6 28. e4
Qxg4 29. hxg4 Nxd4 30. Nxd4 Bxd4+ 31. Kh2 Bxb2 32. Rab1 Bxa3 33. Kg3 Bc5 34.
Bc3 Rff8 35. e5 a3 36. e6 Re7 37. f5 a2 38. Ra1 Bc4 39. dxc6 bxc6 40. Bxc6 d5
41. Red1 Rd8 42. Be5 Bd6 43. Kf4 Bb3 44. Rd3 Bc4 45. Rdd1 Bb3 46. Rd3 Bc4 47.
Rd2 Bb4 48. Rb2 Ba3 49. Rc2 Kg8 50. g5 hxg5+ 51. Kxg5 Rf8 52. Raxa2 Bxa2 53.
Rxa2 Bc1+ 54. Kg6 Rd8 55. Bd6 Bg5 56. Be5 Bh4 57. Bxd5 Kf8 58. Rh2 Rxd5 59.
Rxh4 Rxe6+ 60. fxe6 Rxe5 1/2-1/2

[Event "Barbera del Valles"]
[Site "XXIX Open"]
[Date "2006.07.10"]
[Round "6"]
[White "Asis Gargatagli, Hipolit"]
[Black "Alonso Moyano, Jonathan"]
[Result "1-0"]
[WhiteElo "2371"]
[BlackElo "2372"]
[PlyCount "81"]
[EventDate "2006.07.05"]
[SourceDate "2006.07.06"]

1. d4 f5 2. g3 Nf6 3. Bg2 g6 4. Nh3 d6 5. d5 Bg7 6. Nf4 c6 7. Nc3 e5 8. dxe6
Qe7 9. e4 Nxe4 10. Nxe4 fxe4 11. Bxe4 Bxe6 12. O-O O-O 13. Re1 Rf6 14. Bd5 cxd5
15. Rxe6 Rxe6 16. Qxd5 Nc6 17. Nxe6 Qf7 18. Nf4 Qxd5 19. Nxd5 Re8 20. Be3 Re4
21. c3 Ra4 22. a3 Ra5 23. Rd1 Kf7 24. Bc1 Ke6 25. Nf4+ Kd7 26. b4 Ra4 27. c4
Nd4 28. Kg2 Kc6 29. Nd5 Ne2 30. Re1 b5 31. Rxe2 bxc4 32. Ne3 c3 33. Nd1 d5 34.
Nxc3 Bxc3 35. Rc2 d4 36. Bb2 Kb5 37. Bxc3 dxc3 38. Rxc3 Ra6 39. f4 Rd6 40. g4
Ka4 41. Kg3 1-0

[Event "Barbera del Valles"]
[Site "XXIX Open"]
[Date "2006.07.10"]
[Round "6"]
[White "Vehi Bach, Victor"]
[Black "Sanchez Jerez, Emilio"]
[Result "1-0"]
[WhiteElo "2345"]
[BlackElo "2062"]
[PlyCount "67"]
[EventDate "2006.07.05"]
[SourceDate "2006.07.06"]

1. e4 e5 2. Nf3 Nc6 3. Nc3 Nf6 4. Bb5 Nd4 5. O-O c6 6. Ba4 Qa5 7. Re1 d6 8. h3
Be7 9. d3 O-O 10. Bd2 Qc7 11. Nxd4 exd4 12. Ne2 b5 13. Bb3 c5 14. a4 b4 15. Nf4
Bb7 16. Nh5 Rae8 17. f4 g6 18. Nxf6+ Bxf6 19. Qf3 Qd8 20. Rf1 Kh8 21. g4 Bh4
22. f5 gxf5 23. Qxf5 Re5 24. Qf3 f5 25. Bf4 Re7 26. Bh6 Rf6 27. g5 Bxg5 28.
Bxg5 Rg7 29. h4 Rfg6 30. Kf2 Rxg5 31. hxg5 Qxg5 32. Ke2 Bc8 33. Rg1 fxe4 34.
Qf8+ 1-0

[Event "Barbera del Valles"]
[Site "XXIX Open"]
[Date "2006.07.10"]
[Round "6"]
[White "Garcia Jimenez, Francisco Javier"]
[Black "Cruz, Cristhian"]
[Result "1-0"]
[WhiteElo "2270"]
[BlackElo "2284"]
[PlyCount "52"]
[EventDate "2006.07.05"]
[SourceDate "2006.07.06"]

1. Nc3 d5 2. e4 d4 3. Nce2 c5 4. d3 Nc6 5. g3 g6 6. Bg2 Bg7 7. f4 e6 8. Nf3
Nge7 9. O-O b6 10. e5 Ba6 11. a3 Rc8 12. Nd2 O-O 13. Ne4 Nd5 14. Nd6 Rc7 15. b4
cxb4 16. axb4 Ncxb4 17. Bxd5 exd5 18. Bd2 Bxd3 19. Bxb4 Bxc2 20. Qxd4 Bb3 21.
Qe3 Bc4 22. Rfd1 a5 23. Nxc4 Rxc4 24. Bxf8 Bxf8 25. Qd3 Qc7 26. Qxd5 Bc5+ 1-0

[Event "Barbera del Valles"]
[Site "XXIX Open"]
[Date "2006.07.10"]
[Round "6"]
[White "Moreto Quintana, Alex"]
[Black "Asensio Linan, Teodoro"]
[Result "1/2-1/2"]
[WhiteElo "2138"]
[BlackElo "2244"]
[PlyCount "101"]
[EventDate "2006.07.05"]
[SourceDate "2006.07.06"]

1. Nf3 Nf6 2. c4 g6 3. Nc3 Bg7 4. e4 d6 5. d4 O-O 6. h3 c5 7. dxc5 dxc5 8. Qxd8
Rxd8 9. Be3 b6 10. Rd1 Rxd1+ 11. Kxd1 Bb7 12. Nd2 Nc6 13. g4 Rd8 14. Bg2 Ne5
15. Kc2 Ba6 16. b3 Nc6 17. a3 Ne8 18. f4 Bb7 19. Rh2 g5 20. fxg5 Nd4+ 21. Bxd4
cxd4 22. Nd5 d3+ 23. Kc1 e6 24. Nb4 a5 25. Na2 Be5 26. Rh1 Bf4 27. h4 a4 28. b4
Rc8 29. Kd1 Nd6 30. Rh3 Bxd2 31. Kxd2 Bxe4 32. Bxe4 Nxe4+ 33. Ke3 d2 34. Rh1
Rxc4 35. b5 Ng3 36. Rd1 Rxg4 37. Kf3 Ne4 38. Kxg4 Nf2+ 39. Kf3 Nxd1 40. Ke2 Ne3
41. Kxd2 Nc4+ 42. Kd3 Nxa3 43. Nc3 Kg7 44. Nxa4 Kg6 45. Nxb6 Nxb5 46. Nd7 Nd6
47. Ke2 Kh5 48. Kf3 Kxh4 49. Kf4 Kh5 50. Nf8 h6 51. gxh6 1/2-1/2

[Event "Barbera del Valles"]
[Site "XXIX Open"]
[Date "2006.07.10"]
[Round "6"]
[White "Perpinya Rofes, Lluis Maria"]
[Black "Rodriguez Pardo, Fernando"]
[Result "1-0"]
[WhiteElo "2333"]
[BlackElo "2165"]
[PlyCount "47"]
[EventDate "2006.07.05"]
[SourceDate "2006.07.06"]

1. e4 c6 2. d4 d5 3. Nc3 dxe4 4. Nxe4 Nd7 5. Ng5 Ngf6 6. Bd3 e6 7. Qe2 c5 8.
N1f3 h6 9. Nxe6 fxe6 10. Bg6+ Ke7 11. O-O Qc7 12. Re1 Kd8 13. b3 Bd6 14. Bb2
Nd5 15. dxc5 Nf4 16. Qd2 Nxc5 17. Be5 Nd5 18. c4 Nd7 19. Bxd6 Qxd6 20. cxd5
exd5 21. Nd4 Ne5 22. Qf4 Qxg6 23. Qxe5 Bd7 24. Qe7+ 1-0

[Event "Barbera del Valles"]
[Site "XXIX Open"]
[Date "2006.07.10"]
[Round "6"]
[White "Frances Cuscullola, Oriol"]
[Black "Alonso Rosell, Alvar"]
[Result "0-1"]
[WhiteElo "2009"]
[BlackElo "2196"]
[PlyCount "56"]
[EventDate "2006.07.05"]
[SourceDate "2006.07.06"]

1. Nf3 Nf6 2. g3 d5 3. d4 Bg4 4. Bg2 Nbd7 5. O-O c6 6. b3 e6 7. Bb2 Bd6 8. Nbd2
h6 9. Re1 Ne4 10. Nxe4 dxe4 11. Nd2 e3 12. fxe3 h5 13. Ne4 Bc7 14. Nf2 Qg5 15.
e4 O-O-O 16. Qc1 Qg6 17. h3 Bxg3 18. hxg4 Nf6 19. Qe3 Bxf2+ 20. Qxf2 Nxg4 21.
Qf4 h4 22. Kh1 Rh5 23. Rf1 h3 24. Bf3 Rg5 25. Bc1 f6 26. Bb2 h2 27. Bxg4 Rxg4
28. Qf3 Rg1+ 0-1

[Event "Barbera del Valles"]
[Site "XXIX Open"]
[Date "2006.07.10"]
[Round "6"]
[White "Losada Cabrera, Francisco Javier"]
[Black "Chalmeta Ugas, Jordi"]
[Result "1-0"]
[WhiteElo "2195"]
[BlackElo "2093"]
[PlyCount "61"]
[EventDate "2006.07.05"]
[SourceDate "2006.07.06"]

1. e4 e6 2. d3 d5 3. Nd2 Nf6 4. Ngf3 c5 5. g3 Nc6 6. Bg2 dxe4 7. dxe4 e5 8. O-O
Be7 9. c3 O-O 10. Qc2 Qc7 11. Nc4 Rd8 12. Bg5 Ne8 13. Ne3 Bxg5 14. Nxg5 h6 15.
Nf3 Be6 16. Nh4 Nd6 17. Qe2 b5 18. Qh5 Nc4 19. Nef5 Kh7 20. g4 Bxf5 21. exf5 f6
22. g5 fxg5 23. Qg6+ Kg8 24. Qxc6 Qxc6 25. Bxc6 Rac8 26. Bxb5 Nd6 27. Ng6 Nxb5
28. Ne7+ Kf7 29. Nxc8 Rxc8 30. Rad1 Rc7 31. a4 1-0

[Event "Barbera del Valles"]
[Site "XXIX Open"]
[Date "2006.07.10"]
[Round "6"]
[White "Carbonell Bofill, Carlos Eloy"]
[Black "Severri Arrese, Carlos"]
[Result "1-0"]
[WhiteElo "2175"]
[BlackElo "2069"]
[PlyCount "89"]
[EventDate "2006.07.05"]
[SourceDate "2006.07.06"]

1. d4 d6 2. Bf4 c6 3. c3 Qa5 4. Nd2 Nf6 5. e4 g6 6. Nc4 Qd8 7. e5 Nh5 8. Be3 d5
9. Nd2 Ng7 10. Bh6 Qb6 11. b4 Qd8 12. Ne2 Na6 13. a4 Nc7 14. Nb3 b6 15. Nf4
Nge6 16. Bxf8 Kxf8 17. Nxe6+ Bxe6 18. Bd3 Qc8 19. O-O Bf5 20. Be2 h5 21. f3 Kg7
22. Ra2 Bd7 23. Qc1 h4 24. h3 Qd8 25. c4 dxc4 26. Bxc4 Nd5 27. b5 e6 28. Rff2
Nb4 29. Ra1 Nd5 30. Nd2 Ne3 31. Bd3 cxb5 32. axb5 Rc8 33. Qb2 Be8 34. Re2 Nd5
35. Ne4 Nc3 36. Rd2 Nxe4 37. Bxe4 Bd7 38. Rxa7 Rc7 39. Ra6 Rc4 40. Bd3 Rc8 41.
f4 g5 42. f5 exf5 43. d5 Kh6 44. Qd4 Rc5 45. Qxc5 1-0

[Event "Barbera del Valles"]
[Site "XXIX Open"]
[Date "2006.07.10"]
[Round "6"]
[White "Berrocal Farina, Jorge"]
[Black "Lazaro Porta, Angel"]
[Result "1-0"]
[WhiteElo "2317"]
[BlackElo "2151"]
[PlyCount "75"]
[EventDate "2006.07.05"]
[SourceDate "2006.07.06"]

1. e4 c5 2. Nf3 e6 3. d4 cxd4 4. Nxd4 a6 5. Bd3 b5 6. O-O Qb6 7. c3 Qc7 8. f4
d6 9. a4 b4 10. cxb4 e5 11. Nc2 Nf6 12. Nc3 Be6 13. Ne3 Nc6 14. f5 Bd7 15. Ned5
Nxd5 16. Nxd5 Qa7+ 17. Be3 Nd4 18. Bxa6 Be7 19. Bc4 Bd8 20. b5 Qc5 21. Rc1 Rc8
22. b4 Qa7 23. Bxd4 exd4 24. a5 Rxc4 25. Rxc4 Bxb5 26. Qxd4 Qa6 27. Rfc1 Bxc4
28. Qxc4 Qa7+ 29. Kf1 O-O 30. g3 Bg5 31. Rc2 h5 32. Qd3 Qd7 33. b5 Rb8 34. b6
Qa4 35. a6 Qa1+ 36. Kg2 Re8 37. b7 Qe1 38. Rc8 1-0

[Event "Barbera del Valles"]
[Site "XXIX Open"]
[Date "2006.07.10"]
[Round "6"]
[White "Esquivel, Luis"]
[Black "Lux, Gregory"]
[Result "1-0"]
[WhiteElo "2179"]
[BlackElo "2082"]
[PlyCount "91"]
[EventDate "2006.07.05"]
[SourceDate "2006.07.06"]

1. e4 e6 2. d4 d5 3. c4 dxe4 4. Nc3 Nc6 5. d5 exd5 6. cxd5 Nb4 7. a3 Nd3+ 8.
Bxd3 exd3 9. Qxd3 Ne7 10. Bg5 f6 11. Bf4 Nf5 12. O-O-O Bd6 13. Re1+ Kf7 14. Nh3
g5 15. Bd2 Nh4 16. Ne4 h6 17. g3 Bxh3 18. gxh4 Bg2 19. Rhg1 Bxe4 20. Qxe4 Kg7
21. hxg5 hxg5 22. Rxg5+ fxg5 23. Bc3+ Qf6 24. Bxf6+ Kxf6 25. Qe6+ Kg7 26. Qd7+
Kg8 27. Qf5 Bf4+ 28. Kb1 Rh6 29. Re6 Rf8 30. Qxf8+ Kxf8 31. Rxh6 Kg7 32. Rh3
Kf6 33. Rb3 b6 34. h3 Ke5 35. Rd3 Ke4 36. Kc2 a5 37. a4 Bh2 38. b3 Bd6 39. Kc3
Bc5 40. Rg3 Kf5 41. Kc4 Bd6 42. Kb5 Bf4 43. Kc6 Ke4 44. Rg4 Kf3 45. Rxf4+ gxf4
46. Kxc7 1-0

[Event "Barbera del Valles"]
[Site "XXIX Open"]
[Date "2006.07.10"]
[Round "6"]
[White "Fabregas Fernandez, Bernat"]
[Black "Macaya Ruiz, Alfons"]
[Result "1-0"]
[WhiteElo "2170"]
[BlackElo "2051"]
[PlyCount "99"]
[EventDate "2006.07.05"]
[SourceDate "2006.07.06"]

1. e4 c5 2. d3 Nc6 3. g3 g6 4. Bg2 Bg7 5. f4 d6 6. Nf3 e6 7. O-O Nge7 8. c3 O-O
9. Be3 b6 10. a4 Bb7 11. Na3 d5 12. e5 d4 13. cxd4 Nxd4 14. Nxd4 Bxg2 15. Nxe6
fxe6 16. Kxg2 Qd5+ 17. Qf3 Qb3 18. Nc4 Qxd3 19. Rac1 Qd5 20. Rfd1 Qxf3+ 21.
Kxf3 Nd5 22. Ke4 h5 23. h3 Bh6 24. Rf1 g5 25. Rcd1 gxf4 26. gxf4 Nxe3 27. Kxe3
Rf5 28. Rd6 Raf8 29. Rxe6 Kh7 30. Rxh6+ Kxh6 31. Ke4 R5f7 32. Nd6 Rc7 33. Kd5
c4 34. f5 c3 35. bxc3 Rxc3 36. f6 Rc5+ 37. Ke6 Rc7 38. Rg1 a6 39. Nf5+ Kh7 40.
Rg7+ Rxg7 41. fxg7 Rg8 42. Kf7 b5 43. axb5 axb5 44. e6 b4 45. e7 b3 46. e8=Q
Rxe8 47. Kxe8 Kg8 48. Ke7 b2 49. Kf6 b1=Q 50. Ne7+ 1-0